[Event "Titled Tuesday intern op 27th Feb Late"]
[Site "Chess.com INT"]
[Date "2024.02.27"]
[Round "4"]
[White "Ardila, Oscar Humberto"]
[Black "Cerrato Nadal, Juan P"]
[Result "1-0"]
[WhiteElo "1952"]
[BlackElo "2093"]
[PlyCount "133"]
[EventDate "2024.02.27"]
[EventType "swiss (blitz)"]
[EventRounds "11"]
[EventCountry "USA"]
[SourceTitle "CB10_2024"]
[SourceDate "2024.03.06"]
[SourceVersion "1"]
[SourceVersionDate "2024.03.06"]
[SourceQuality "1"]

1. d4 d5 2. c4 e6 3. Nc3 Nf6 4. Bg5 Be7 5. e3 0-0 6. Nf3 h6 7. Bh4 Ne4 8. Bxe7 Qxe7 9. Nxe4 dxe4 10. Nd2 f5 11. Be2 c5 12. Nb3 cxd4 13. Qxd4 Nc6 14. Qc3 e5 15. 0-0 f4 16. exf4 exf4 17. f3 e3 18. Rfd1 Qg5 19. Kh1 Rf6 20. Rd5 Qh4 21. Rad1 Be6 22. Rd6 Rg6 23. Qe1 Qh5 24. c5 Rf8 25. Rxe6 Rxe6 26. Bc4 Rff6 27. Rd6 Kf7 28. Qe2 Ke7 29. Bxe6 Rxe6 30. Rxe6+ Kxe6 31. Qc4+ Qd5 32. Qc2 Nb4 33. Qg6+ Kd7 34. Qxg7+ Kc6 35. Qxh6+ Kb5 36. h4 e2 37. Qxf4 e1Q+ 38. Kh2 Qee5 39. Qxe5 Qxe5+ 40. g3 Qe2+ 41. Kh3 Qxf3 42. Nd4+ Kxc5 43. Nxf3 Nxa2 44. h5 Nb4 45. h6 Nd5 46. h7 a5 47. h8Q a4 48. Qd4+ Kd6 49. Qxa4 b5 50. Qa3+ b4 51. Qd3 Kc5 52. Qd4+ Kc6 53. g4 b3 54. g5 Nb6 55. g6 Nd7 56. Qxd7+ Kxd7 57. g7 Kc6 58. g8Q Kb5 59. Qxb3+ Ka6 60. Qc3 Ka7 61. Kg4 Ka8 62. Kf4 Ka7 63. Ke5 Ka8 64. Kd6 Ka7 65. Qb4 Ka8 66. Kc7 Ka7 67. Qb7# 1-0

[Event "Titled Tuesday intern op 27th Feb Late"]
[Site "Chess.com INT"]
[Date "2024.02.27"]
[Round "11"]
[White "Cerrato Nadal, Juan P"]
[Black "Thake, Conrad"]
[Result "1-0"]
[WhiteElo "2093"]
[BlackElo "1745"]
[PlyCount "77"]
[EventDate "2024.02.27"]
[EventType "swiss (blitz)"]
[EventRounds "11"]
[EventCountry "USA"]
[SourceTitle "CB10_2024"]
[SourceDate "2024.03.06"]
[SourceVersion "1"]
[SourceVersionDate "2024.03.06"]
[SourceQuality "1"]

1. d4 Nf6 2. c4 c5 3. Nf3 g6 4. Nc3 Bg7 5. dxc5 0-0 6. e4 Qa5 7. Qc2 Nxe4 8. Qxe4 Bxc3+ 9. Bd2 Bxd2+ 10. Nxd2 Qxc5 11. Bd3 Nc6 12. 0-0 d6 13. Qh4 Ne5 14. Be2 e6 15. Qh6 f5 16. h4 Nf7 17. Qe3 Qxe3 18. fxe3 e5 19. Rad1 Be6 20. b3 Rad8 21. e4 f4 22. Nb1 g5 23. hxg5 Nxg5 24. Nc3 Rf7 25. Nd5 Nxe4 26. Bf3 Ng3 27. Rfe1 Kg7 28. c5 dxc5 29. Rxe5 Bxd5 30. Rexd5 Rxd5 31. Rxd5 b6 32. Rg5+ Kf6 33. Rd5 Re7 34. Rd1 Ne2+ 35. Kf2 Nd4 36. Bd5 Re2+ 37. Kf1 Rxa2 38. Bc4 Rc2 39. Re1 1-0

[Event "Mallorca-chT Preferente"]
[Site "Mallorca"]
[Date "2016.03.19"]
[Round "9.1"]
[White "Pont Mulet, Antonio"]
[Black "Cerrato Nadal, Juan P"]
[Result "0-1"]
[WhiteElo "2247"]
[BlackElo "2163"]
[PlyCount "88"]
[EventDate "2016.03.01"]
[EventType "team-tourn"]
[EventRounds "9"]
[EventCountry "ESP"]
[SourceTitle "EXT 2024"]
[Source "ChessBase"]
[SourceDate "2023.10.10"]
[SourceVersion "1"]
[SourceVersionDate "2023.10.10"]
[SourceQuality "1"]
[WhiteTeam "Tropic"]
[BlackTeam "Algaida"]
[WhiteTeamCountry "ESP"]
[BlackTeamCountry "ESP"]

1. e4 d6 2. d4 Nf6 3. Nc3 g6 4. Bg5 c6 5. f3 Bg7 6. Qd2 Qc7 7. 0-0-0 Nbd7 8. Bh6 Bxh6 9. Qxh6 b5 10. g4 b4 11. Nce2 Qa5 12. Kb1 Nb6 13. Nc1 Be6 14. Nge2 Bc4 15. h4 c5 16. h5 0-0-0 17. hxg6 fxg6 18. Nf4 Bxf1 19. Rhxf1 c4 20. Ne6 Rde8 21. Qe3 Nfd7 22. d5 Na4 23. Nd4 Qc5 24. Nce2 Nab6 25. Nf4 Kb7 26. Nfe6 Qa5 27. g5 Nc5 28. Nc6 Qb5 29. Nxc5+ dxc5 30. Rh1 Na4 31. Ka1 c3 32. b3 Nb6 33. Ne5 a5 34. Nf7 a4 35. Qd3 Qa5 36. d6 Ra8 37. Rh2 Rhf8 38. Ne5 axb3 39. cxb3 exd6 40. Qxd6 Rad8 41. Qe7+ Kc8 42. Qe6+ Kb7 43. Rxh7+ Ka6 44. Nc4 Rxd1# 0-1

[Event "Palma de Mallorca Amic op 1st"]
[Site "Palma de Mallorca"]
[Date "2015.03.25"]
[Round "4"]
[White "Hansen, Mads Smith"]
[Black "Cerrato Nadal, Juan P"]
[Result "1-0"]
[WhiteElo "2350"]
[BlackElo "2213"]
[PlyCount "102"]
[EventDate "2015.03.22"]
[EventType "swiss"]
[EventRounds "9"]
[EventCountry "ESP"]
[SourceTitle "CBM 165 Extra"]
[Source "ChessBase"]
[SourceDate "2015.04.21"]
[SourceVersion "1"]
[SourceVersionDate "2015.04.21"]
[SourceQuality "1"]

1. e4 d6 2. d4 Nf6 3. Nc3 g6 4. f4 Bg7 5. Nf3 Bg4 6. Be3 c6 7. h3 Bxf3 8. Qxf3 Qa5 9. 0-0-0 d5 10. e5 Ne4 11. Nxe4 dxe4 12. Qg4 e6 13. Kb1 Na6 14. Qe2 0-0 15. g4 f5 16. exf6 Bxf6 17. Bg2 Nb4 18. a3 Nd5 19. Bxe4 Qb6 20. Rd3 Qc7 21. f5 Nxe3 22. Qxe3 exf5 23. gxf5 g5 24. Re1 Kh8 25. c3 Rfe8 26. Qd2 Rad8 27. Rde3 Re7 28. Bd3 Qf4 29. Kc2 Rdd7 30. Re6 Qxd2+ 31. Kxd2 Kg7 32. b4 a6 33. a4 Rxe6 34. fxe6 Rd8 35. a5 Be7 36. Rf1 Rf8 37. Bf5 h6 38. Kd3 Rd8 39. Ke4 Bf6 40. Bg4 Re8 41. Kd3 Rd8 42. Bh5 Rf8 43. Ke4 Be7 44. Rxf8 Kxf8 45. Ke5 Kg7 46. Be8 Kf8 47. Bd7 h5 48. Bc8 g4 49. hxg4 hxg4 50. Bxb7 Ke8 51. Bxa6 g3 1-0